=LDR 00000nam 2200000 4500 =001 INLIS000000000810442 =005 20260411100514 =035 ##$$a 0010-1225000080 =100 ##$$a Zaenal Abidin Syamsuddin, Lc =245 1#$$a Khutbah Jum`at Pilihan Setahun Julid 1 =260 ##$$a Jakarta :$b Darul Haq,$c 2012 =300 ##$$a xxvi, 538 hlm. ; $c 23,4 cm =490 ##$$a Pilihan Setahun =020 ##$$a 978-979-9137-82-1 =041 ##$$a Indonesia =084 ##$$a R 297.64 ABI k =007 ta =008 260411###########################0###### =082 ##$$a 297.64 =990 ##$$a 00000005147 =990 ##$$a 00000005148 =990 ##$$a 00000005149 =990 ##$$a 00000005150